| 000 -ლიდერი |
| ფიქსირებული სიგრძის საკონტროლო ველი |
01548nam a22002657a 4500 |
| 003 - საკონტროლო ნომრის იდენტიფიკატორი |
| საკონტროლო ველი |
Ge_BSU |
| 005 - ბოლო ოპერაციის თარიღი და დრო |
| საკონტროლო ველი |
20210517131304.0 |
| 008 - ფიქსირებული სიგრძის მონაცემთა ელემენტები - ზოგადი ინფორმაცია |
| ფიქსირებული სიგრძის საკონტროლო ველი |
210517s2001 ge ||||| |||| 00| 0 geo d |
| 041 ## - ენის კოდი |
| Language code of text/sound track or separate title |
geo |
| 080 ## - უნივერსალური ათობითი კლასიფიკაციის ინდექსი |
| Universal Decimal Classification number |
621.396 / 395 ფ - 69 |
| 245 ## - ცნობა სათაურის შესახებ |
| Title |
ფიჭურ პრინციპზე აგებული ტელეკომუნიკაციის სისტემები / |
| Statement of responsibility, etc |
ნ. თამაზაშვილი, გ. გაბესკირია, ნ. თოდუა, თ. ვეკუა, თ. კვინიკაძე, ი. კუბეცია, ბ. ღვინჯილია; ნ. თამაზაშვილის რედაქციით. |
| 264 ## - წარმოების, გამოცემის, დისტრიბუციის და სხვა ცნობები |
| გამოცემის, წარმოების, დისტრიბუციის... ადგილი |
თბილისი: |
| გამოცემის, წარმოების, დისტრიბუციის... სახელწოდება |
მერანი-3, |
| გამოცემის, წარმოების, დისტრიბუციის... თარიღი |
2001. |
| 300 ## - ფიზიკური აღწერა |
| Extent |
207 გვ. |
| Other physical details |
ნახ. |
| Dimensions |
20 სმ. |
| 504 ## - BIBLIOGRAPHY, ETC. NOTE |
| Bibliography, etc |
ბიბლიოგრ. გვ.206-207 |
| 653 ## - INDEX TERM--UNCONTROLLED |
| Uncontrolled term |
ტელეკომუნიკაცია |
| 700 ## - ADDED ENTRY--PERSONAL NAME |
| Personal name |
თამაზაშვილი, ნ. |
| Relator term |
ავტორი |
| 9 (RLIN) |
1108 |
| 700 ## - ADDED ENTRY--PERSONAL NAME |
| Personal name |
გაბესკირია, გ. |
| Relator term |
ავტორი |
| 9 (RLIN) |
11806 |
| 700 ## - ADDED ENTRY--PERSONAL NAME |
| Personal name |
თოდუა, ნ. |
| Relator term |
ავტორი |
| 9 (RLIN) |
9612 |
| 700 ## - ADDED ENTRY--PERSONAL NAME |
| Personal name |
ვეკუა, თ. |
| Relator term |
ავტორი |
| 9 (RLIN) |
11807 |
| 700 ## - ADDED ENTRY--PERSONAL NAME |
| Personal name |
კვინიკაძე, თ. |
| Relator term |
ავტორი |
| 9 (RLIN) |
11808 |
| 700 ## - ADDED ENTRY--PERSONAL NAME |
| Personal name |
კუბეცია, ი. |
| Relator term |
ავტორი |
| 9 (RLIN) |
11809 |
| 700 ## - ADDED ENTRY--PERSONAL NAME |
| Personal name |
ღვინჯილია, ბ. |
| Relator term |
ავტორი |
| 9 (RLIN) |
11810 |
| 700 ## - ADDED ENTRY--PERSONAL NAME |
| Personal name |
თამაზაშვილი, ნ. |
| Relator term |
რედაქტორი |
| 9 (RLIN) |
1108 |
| 942 ## - ADDED ENTRY ELEMENTS (KOHA) |
| Source of classification or shelving scheme |
|
| Koha item type |
წიგნი |